[Event "Oberliga Baden 9899"]
[Site "Germany"]
[Date "1998.11.29"]
[Round "3.6"]
[White "Schulz, Vladimir"]
[Black "Weigand, Bernhard"]
[Result "1-0"]
[WhiteElo "2135"]
[BlackElo "2280"]
[PlyCount "89"]
[EventDate "1998.10.??"]
[EventType "team"]
[EventRounds "9"]
[EventCountry "GER"]
[SourceTitle "EXT 2002"]
[Source "ChessBase"]
[SourceDate "2001.11.25"]
[SourceVersion "1"]
[SourceVersionDate "2001.11.25"]
[SourceQuality "1"]
[WhiteTeam "Kehl"]
[BlackTeam "Waldshut"]
[WhiteTeamCountry "GER"]
[BlackTeamCountry "GER"]

1. Nf3 e6 2. c4 f5 3. d4 Nf6 4. g3 Be7 5. Bg2 0-0 6. 0-0 d5 7. Nbd2 b6 8. Ne5 Bb7 9. Qb3 Ne4 10. cxd5 Bxd5 11. Qd3 Nf6 12. Rd1 c5 13. dxc5 Bxc5 14. Nb3 Bd6 15. Nc4 Be7 16. Bg5 Nbd7 17. Nd4 Nc5 18. Qc2 Nfe4 19. Nc6 Bxg5 20. Nxd8 Rfxd8 21. h4 Bf6 22. Ne3 Rac8 23. Nxd5 exd5 24. Bxe4 fxe4 25. Rac1 a5 26. b3 Rc6 27. a3 Rcd6 28. b4 axb4 29. axb4 Ne6 30. Qa4 Nd4 31. Kf1 e3 32. b5 Nf5 33. Rc6 exf2 34. Kxf2 Be5 35. Rxd6 Bxd6 36. Rxd5 Bc5+ 37. Kf3 Rf8 38. Re5 Nxh4+ 39. Kg4 Ng6 40. Qc4+ Kh8 41. Rxc5 bxc5 42. Qxc5 Re8 43. b6 h6 44. b7 Kh7 45. Qc8 1-0